000 00371nam a2200133Ia 4500
005 20251222143224.0
008 251222s9999||||xx |||||||||||||| ||spa||
020 _a84-96131-50-5
082 _a796.08/A44
100 _aAlmeida Aguiar, Antonio S.
245 0 _aHistoria Social, Educación y Deporte:
264 _bUniversidad de las Palmas de Gran Canaria
942 _cLIB
999 _c13933
_d13933